000 00535nam a22002057a 4500
003 OSt
005 20160719171718.0
008 160719b xxu||||| |||| 00| 0 eng d
020 _a0070526893
040 _cDNLM.
082 _aWB18B395 1999.
100 _aPattishall,G.Evan;
_910301
245 _aPre test:Behavioral Sciences.
250 _a8th ed.
260 _aNew York.
_bMcGraw-Hill.
_c1999.
300 _a321p;
_bill;
_c20cm.
504 _aincludes bibliography.
650 _aBehavioral Sciences.
_910302
942 _2z
_cO_SHELF
999 _c4788
_d4788